Same, but different #18 - Statistics

General Stats
  • This quiz has been taken 18 times
  • The average score is 12 of 15
Answer Stats
Clues Answer % Correct
A dominant male, or, the first letter of the Greek alphabet Alpha
100%
The 'pointy' bit on top of a fish, or the French word for 'the end' Fin
100%
Four of these, on most tables, two of them on most humans Legs
100%
An argument, or, the thing done with paddles, in a boat Row
100%
Where you find the sun or moon, from a humans perspective, or a shade of blue Sky
93%
An underwater craft or a torpedo shaped bread roll Submarine
93%
In chemistry, it is Calcium Hydroxide, otherwise, it is a green citrus fruit Lime
86%
The maximum paddle score on Strictly Come Dancing, or, the number on which the decimal system is based Ten
86%
The main base of a tree, or, a pair of, are sometimes called 'budgie smugglers' Trunk
86%
The land running down the side of a river or canal, or, a financial institution Bank
79%
A clue to something, or colour-wise, similar to a tint Hint
79%
A small outside space, adjoining a house (usu), or an imperial unit of length Yard
71%
A bus route, that starts and ends in the same place, or a memorandum, for all employees to read Circular
57%
A marshy quagmire, or slang, for the toilet Bog
50%
When you make a mess of a situation, esp in politics, or, confectionery, popular in the Westcountry, soft, caramel flavour Fudge
21%
No matching quizzes found
Score Distribution
Percent of People with Each Score
Percentile by Number Answered
Your Score History
You have not taken this quiz